| 000 | 01001nam a22002537a 4500 | ||
|---|---|---|---|
| 005 | 20170123164152.0 | ||
| 010 | _aB-124963 | ||
| 020 |
_c150.00 _a8187654694 |
||
| 035 | _aB-124963 | ||
| 037 | _bCen Lib / Ret | ||
| 040 |
_aDPL _bPN |
||
| 082 |
_a850.8 _bਕਰਨ |
||
| 100 |
_aਕਰਨਜੀਤ ਸਿੰਘ _9126873 |
||
| 245 |
_aਗਲਪਕਾਰ ਸੋਹਣ ਸਿੰਘ ਸੀਤਲ / _cਕਰਨਜੀਤ ਸਿੰਘ |
||
| 246 |
_aGulapkar sohan singh seetal / _bby Karanjit Singh |
||
| 260 |
_aਦਿੱਲੀ _bਮਨਪ੍ਰੀਤ ਪ੍ਰਕਾਸ਼ਨ _c2005 |
||
| 270 |
_a16/16 (1st floor) ਗੀਤਾ ਕਾਲੋਨੀ _bਦਿੱਲੀ |
||
| 300 |
_a143p. _c21cm(pbk) |
||
| 650 |
_a ਪੰਜਾਬੀ ਸਾਹਿਤ _9126874 |
||
| 650 |
_aਪੰਜਾਬੀ ਕਹਾਣੀਆਂ _9126875 |
||
| 650 |
_aPunjabi Literature -- Fiction _99827 |
||
| 650 |
_aਪੰਜਾਬੀ ਸਾਹਿਤ _9126876 |
||
| 942 |
_2ddc _cPN _h850.8 _mਕਰਨ |
||
| 999 |
_c110399 _d110399 |
||